[Event "British Rapidplay"]
[Site "Peterborough"]
[Date "2025.03.02"]
[Round "10.1"]
[White "Kovchan, Alexander"]
[Black "Vitiugov, Nikita"]
[Result "1/2-1/2"]
[WhiteElo "2433"]
[BlackElo "2668"]
[PlyCount "23"]
[EventDate "2025.03.01"]
[EventType "swiss (rapid)"]
[EventRounds "11"]
[EventCountry "ENG"]
[SourceTitle "BritBase"]
[Source "John Saunders"]
[SourceDate "2025.03.03"]
[SourceVersion "1"]
[SourceVersionDate "2025.03.03"]
[SourceQuality "2"]

1. e4 e5 2. Nf3 Nc6 3. Bb5 a6 4. Ba4 Nf6 5. O-O Be7 6. d3 b5 7. Bb3 d6 8. a4 Bd7 9. c3 O-O 10. Re1 b4 11. a5 Rb8 12. Bc4 1/2-1/2

[Event "British Rapidplay"]
[Site "Peterborough"]
[Date "2025.03.02"]
[Round "10.2"]
[White "Czopor, Maciej"]
[Black "Han, Yichen"]
[Result "1-0"]
[WhiteElo "2412"]
[BlackElo "2430"]
[PlyCount "145"]
[EventDate "2025.03.01"]
[EventType "swiss (rapid)"]
[EventRounds "11"]
[EventCountry "ENG"]
[SourceTitle "BritBase"]
[Source "John Saunders"]
[SourceDate "2025.03.03"]
[SourceVersion "1"]
[SourceVersionDate "2025.03.03"]
[SourceQuality "2"]

1. e4 e5 2. Nf3 Nc6 3. d4 exd4 4. Nxd4 Qf6 5. Ne2 Bb4+ 6. Nbc3 Qe7 7. a3 Ba5 8. Qd3 Nf6 9. Bd2 O-O 10. O-O-O Re8 11. f3 Ne5 12. Qb5 Bb6 13. Nf4 c6 14. Qe2 Ng6 15. Nxg6 hxg6 16. Bg5 Qe6 17. Qd2 Ba5 18. Kb1 b5 19. Bd3 Rb8 20. Rhe1 b4 21. Na4 d6 22. b3 Qe7 23. Bc4 Rd8 24. Bf4 Bc7 25. axb4 Be6 26. Nb2 d5 27. exd5 Nxd5 28. Bxc7 Qxc7 29. Bxd5 Rxd5 30. Nd3 a5 31. Qf4 Qa7 32. Ne5 Rxb4 33. Nxc6 Rxf4 34. Nxa7 Rc5 35. Re4 Rxe4 36. Rd8+ Kh7 37. fxe4 a4 38. bxa4 Ra5 39. Nc6 Rxa4 40. Rd4 Ra6 41. Nb4 Ra5 42. Nd5 g5 43. c4 Kg6 44. Kb2 f6 45. Rd2 Kf7 46. Kc3 Ra1 47. c5 Re1 48. Kd4 f5 49. exf5 Bxf5 50. Ne3 Be6 51. Rb2 Rc1 52. Rc2 Ra1 53. c6 Ke7 54. c7 Ra4+ 55. Kd3 Ra8 56. Rc5 g4 57. Nc4 Rh8 58. Nb6 Rxh2 59. Re5 Kd6 60. Rxe6+ Kxc7 61. Nd5+ Kd7 62. Re2 Rh6 63. Ne3 Rg6 64. Ke4 Ke6 65. Ra2 Kf7 66. Ra7+ Kg8 67. Kf4 g3 68. Nf5 Kh7 69. Nxg3 Rb6 70. Nf5 Kh8 71. Rxg7 Rb4+ 72. Kg5 Rb2 73. g4 1-0

[Event "British Rapidplay"]
[Site "Peterborough"]
[Date "2025.03.02"]
[Round "10.3"]
[White "Maroroa Jones, Gawain C B"]
[Black "Gasanov, Eldar"]
[Result "1-0"]
[WhiteElo "2654"]
[BlackElo "2469"]
[PlyCount "99"]
[EventDate "2025.03.01"]
[EventType "swiss (rapid)"]
[EventRounds "11"]
[EventCountry "ENG"]
[SourceTitle "BritBase"]
[Source "John Saunders"]
[SourceDate "2025.03.03"]
[SourceVersion "1"]
[SourceVersionDate "2025.03.03"]
[SourceQuality "2"]

1. Nf3 Nf6 2. g3 b6 3. Bg2 Bb7 4. O-O g6 5. d4 Bg7 6. c4 O-O 7. Re1 Na6 8. d5 Nc5 9. Qc2 Nfe4 10. Ng5 Nxg5 11. Bxg5 h6 12. Bd2 a5 13. Bc3 e5 14. dxe6 dxe6 15. Rd1 Qe7 16. Bxb7 Nxb7 17. Na3 Rad8 18. Nb5 c6 19. Bxg7 Kxg7 20. Nd4 Qc5 21. Qc3 e5 22. Nb3 Qe7 23. Qe3 a4 24. Nd2 Qc5 25. Qc3 Nd6 26. b4 axb3 27. axb3 Nb5 28. Qb2 Qd4 29. Qxd4 Nxd4 30. Kf1 b5 31. e3 Nc2 32. Rac1 Nb4 33. cxb5 cxb5 34. Nf3 Nd3 35. Rc7 Rc8 36. Rb7 Rfd8 37. Rxb5 Rc2 38. Nxe5 Nxe5 39. Rxd8 Ng4 40. Rb4 Nxf2 41. Rd7 Nh3 42. Rbb7 Rf2+ 43. Ke1 Rf3 44. Ke2 Rf2+ 45. Kd3 h5 46. b4 g5 47. b5 g4 48. Rxf7+ Rxf7 49. Rxf7+ Kxf7 50. b6 1-0

[Event "British Rapidplay"]
[Site "Peterborough"]
[Date "2025.03.02"]
[Round "10.4"]
[White "Gormally, Daniel W"]
[Black "Roberson, Peter T"]
[Result "1-0"]
[WhiteElo "2428"]
[BlackElo "2434"]
[PlyCount "57"]
[EventDate "2025.03.01"]
[EventType "swiss (rapid)"]
[EventRounds "11"]
[EventCountry "ENG"]
[SourceTitle "BritBase"]
[Source "John Saunders"]
[SourceDate "2025.03.03"]
[SourceVersion "1"]
[SourceVersionDate "2025.03.03"]
[SourceQuality "2"]

1. d4 d5 2. c4 e6 3. Nf3 Nf6 4. g3 Bb4+ 5. Nc3 O-O 6. Bg2 dxc4 7. O-O Nc6 8. a3 Be7 9. Re1 Rb8 10. e4 b5 11. Bf4 a5 12. d5 exd5 13. exd5 b4 14. dxc6 bxc3 15. bxc3 Qxd1 16. Raxd1 Bxa3 17. Bxc7 Ra8 18. Ra1 Bb2 19. Rxa5 Be6 20. Rxa8 Rxa8 21. Be5 Nd5 22. Ng5 Rc8 23. Bxd5 Bxd5 24. c7 h6 25. Rd1 Kf8 26. Rxd5 Ke7 27. Ne4 f6 28. Bd6+ Ke6 29. Rb5 1-0

[Event "British Rapidplay"]
[Site "Peterborough"]
[Date "2025.03.02"]
[Round "10.5"]
[White "Slaby, Jerzy"]
[Black "Siva, Mahadevan"]
[Result "1-0"]
[WhiteElo "2464"]
[BlackElo "2369"]
[PlyCount "61"]
[EventDate "2025.03.01"]
[EventType "swiss (rapid)"]
[EventRounds "11"]
[EventCountry "ENG"]
[SourceTitle "BritBase"]
[Source "John Saunders"]
[SourceDate "2025.03.03"]
[SourceVersion "1"]
[SourceVersionDate "2025.03.03"]
[SourceQuality "2"]

1. e4 c5 2. Nf3 d6 3. d4 Nf6 4. Nc3 cxd4 5. Qxd4 a6 6. Bg5 Nc6 7. Qd2 Bg4 8. O-O-O e6 9. Be2 Qa5 10. Kb1 Rc8 11. Bxf6 gxf6 12. Nd4 Bxe2 13. Nb3 Qc7 14. Qxe2 h5 15. f4 b5 16. f5 b4 17. Na4 Qb7 18. fxe6 fxe6 19. Qf2 Be7 20. Nb6 Qa7 21. Rhf1 Rd8 22. Nc4 Qxf2 23. Rxf2 Ne5 24. Nca5 Rd7 25. Rd4 Ng4 26. Rfd2 Nxh2 27. Nc5 Ra7 28. Nxe6 Kf7 29. Nc6 Rb7 30. Nf4 Bf8 31. Nd8+ 1-0

[Event "British Rapidplay"]
[Site "Peterborough"]
[Date "2025.03.02"]
[Round "10.6"]
[White "Kanyamarala, Tarun"]
[Black "Ghasi, Ameet K"]
[Result "0-1"]
[WhiteElo "2389"]
[BlackElo "2505"]
[PlyCount "74"]
[EventDate "2025.03.01"]
[EventType "swiss (rapid)"]
[EventRounds "11"]
[EventCountry "ENG"]
[SourceTitle "BritBase"]
[Source "John Saunders"]
[SourceDate "2025.03.03"]
[SourceVersion "1"]
[SourceVersionDate "2025.03.03"]
[SourceQuality "2"]

1. d4 Nf6 2. c4 g6 3. Nc3 Bg7 4. e4 d6 5. Nf3 O-O 6. Be2 e5 7. d5 a5 8. h3 Na6 9. Bg5 Qe8 10. Nd2 Nd7 11. g4 Ndc5 12. a3 Bd7 13. h4 c6 14. h5 h6 15. Be3 Qe7 16. Qc2 Nc7 17. O-O-O g5 18. Nb3 Nxb3+ 19. Qxb3 cxd5 20. exd5 Na6 21. Ne4 f5 22. gxf5 Bxf5 23. Bd3 Rac8 24. Kb1 Bxe4 25. Bxe4 Nc5 26. Qc2 Qd7 27. Bg2 b5 28. Bh3 g4 29. Rdg1 gxh3 30. Bxh6 Rf7 31. Rg6 Kh8 32. Bg5 e4 33. f4 exf3 34. h6 Be5 35. h7 Qf5 36. Rg1 Qxc2+ 37. Kxc2 f2 0-1

[Event "British Rapidplay"]
[Site "Peterborough"]
[Date "2025.03.02"]
[Round "10.7"]
[White "Pritchett, Craig William"]
[Black "Badacsonyi, Stanley"]
[Result "0-1"]
[WhiteElo "2177"]
[BlackElo "2334"]
[PlyCount "74"]
[EventDate "2025.03.01"]
[EventType "swiss (rapid)"]
[EventRounds "11"]
[EventCountry "ENG"]
[SourceTitle "BritBase"]
[Source "John Saunders"]
[SourceDate "2025.03.03"]
[SourceVersion "1"]
[SourceVersionDate "2025.03.03"]
[SourceQuality "2"]

1. Nf3 Nf6 2. c4 g6 3. b3 Bg7 4. Bb2 d6 5. g3 O-O 6. Bg2 e5 7. O-O Re8 8. Nc3 c6 9. d4 e4 10. Ng5 d5 11. f3 exf3 12. exf3 Nh5 13. f4 dxc4 14. d5 h6 15. Nxf7 Kxf7 16. f5 Nf6 17. fxg6+ Kg8 18. Kh1 Nxd5 19. Nxd5 Bxb2 20. Qd2 Bg7 21. Nf6+ Kh8 22. Rae1 Rf8 23. Qxd8 Rxd8 24. Ne8 Bd7 25. Nc7 Na6 26. Nxa8 Be8 27. Rf7 Rxa8 28. Ree7 Bxf7 29. gxf7 Rf8 30. bxc4 Nc5 31. Bf3 Bf6 32. Rc7 Be5 33. Re7 Bd6 34. Re8 Kg7 35. Bh5 Nd7 36. Kg2 Nf6 37. Rxf8 Bxf8 0-1

[Event "British Rapidplay"]
[Site "Peterborough"]
[Date "2025.03.02"]
[Round "10.8"]
[White "Vaidyanathan, Adithya"]
[Black "Bowcott-Terry, Finlay"]
[Result "1/2-1/2"]
[WhiteElo "2037"]
[BlackElo "2202"]
[PlyCount "207"]
[EventDate "2025.03.01"]
[EventType "swiss (rapid)"]
[EventRounds "11"]
[EventCountry "ENG"]
[SourceTitle "BritBase"]
[Source "John Saunders"]
[SourceDate "2025.03.03"]
[SourceVersion "1"]
[SourceVersionDate "2025.03.03"]
[SourceQuality "2"]

1. d4 e6 2. c4 Bb4+ 3. Bd2 a5 4. Nf3 Qe7 5. a3 Bxd2+ 6. Qxd2 d6 7. Nc3 Nf6 8. e4 e5 9. dxe5 dxe5 10. Nd5 Nxd5 11. cxd5 O-O 12. Qc3 c6 13. Rc1 f6 14. Bc4 Kh8 15. O-O cxd5 16. Bxd5 Nc6 17. Bxc6 bxc6 18. Qxc6 Bb7 19. Qa4 f5 20. Nd2 Qg5 21. Rfd1 fxe4 22. Nxe4 Qf4 23. f3 Qe3+ 24. Kh1 h6 25. Re1 Qb6 26. Nc5 Rac8 27. b4 Ba8 28. Qxa5 Qg6 29. Qa6 Qg5 30. Qe2 e4 31. fxe4 Rce8 32. Rc3 Rf6 33. Rg3 Qf4 34. Rf3 Qg5 35. Rxf6 Qxf6 36. Qf3 Qb2 37. Qf7 Bc6 38. Qg6 Bb5 39. a4 Qxb4 40. Rc1 Qa3 41. Rg1 Bxa4 42. Ne6 Qe7 43. Nf4 Bc2 44. Qc6 Bxe4 45. Ng6+ Bxg6 46. Qxg6 Qe3 47. h3 Re6 48. Qg4 Kh7 49. Qf5+ Kg8 50. Rd1 Re8 51. Rf1 Re5 52. Qc8+ Re8 53. Qc4+ Kh8 54. Qg4 Qd3 55. Qf4 Qb5 56. Qf7 Re5 57. Qf8+ Kh7 58. Qf4 Qd5 59. Qf2 Rg5 60. Qc2+ Rg6 61. Rd1 Qf7 62. Rb1 Qe6 63. Qd3 Qc6 64. Rg1 Qa8 65. Qf5 Qa2 66. Qe4 Qf2 67. Rd1 Qg3 68. Rc1 Qd6 69. h4 Qe6 70. Qxe6 Rxe6 71. Kh2 Re3 72. Rc6 Re4 73. Kg3 Ra4 74. Rb6 Kg8 75. Rb7 Ra6 76. Kh3 Kh7 77. h5 Rf6 78. Ra7 Kg8 79. Rb7 Kf8 80. Kg4 Rf2 81. g3 Re2 82. Kf5 Kg8 83. Ra7 Rf2+ 84. Kg4 Rb2 85. Rc7 Rb5 86. Ra7 Rc5 87. Rb7 Rc6 88. Kf5 Rc4 89. Ra7 Kh7 90. Rb7 Rc1 91. Ra7 Rh1 92. Kg4 Kg8 93. Rb7 Rf1 94. Ra7 Rf2 95. Rb7 Rf1 96. Ra7 Rb1 97. Rc7 Rb4+ 98. Kf5 Rb5+ 99. Kg4 Kf8 100. Ra7 Re5 101. Rb7 Rg5+ 102. Kh4 g6 103. hxg6 Rxg6 104. g4 1/2-1/2

[Event "British Rapidplay"]
[Site "Peterborough"]
[Date "2025.03.02"]
[Round "10.9"]
[White "Southcott-Moyers, Indy"]
[Black "Buckley, Graeme N"]
[Result "0-1"]
[WhiteElo "2227"]
[BlackElo "2268"]
[PlyCount "142"]
[EventDate "2025.03.01"]
[EventType "swiss (rapid)"]
[EventRounds "11"]
[EventCountry "ENG"]
[SourceTitle "BritBase"]
[Source "John Saunders"]
[SourceDate "2025.03.03"]
[SourceVersion "1"]
[SourceVersionDate "2025.03.03"]
[SourceQuality "2"]

1. d4 Nf6 2. c4 c5 3. d5 b5 4. cxb5 a6 5. e3 axb5 6. Bxb5 Qa5+ 7. Nc3 Bb7 8. Bd2 Qb6 9. a4 Nxd5 10. Nf3 e6 11. Nxd5 Bxd5 12. Bc3 Be7 13. O-O O-O 14. Nd2 f5 15. e4 fxe4 16. Qg4 g6 17. Rae1 Qc7 18. Nxe4 Nc6 19. Qg3 Qxg3 20. hxg3 Ra7 21. f3 Kf7 22. Rc1 Rc8 23. Nd2 Rcc7 24. Rfd1 d6 25. Ne4 Nb4 26. Bxb4 cxb4 27. Rxc7 Rxc7 28. a5 Rc2 29. Rb1 Bxe4 30. fxe4 Rc5 31. Rf1+ Bf6 32. Bd3 Rxa5 33. b3 Ke7 34. Rc1 Bc3 35. Kf2 Kf6 36. Rc2 Ke5 37. Kf3 Ra1 38. Bc4 h5 39. Re2 g5 40. g4 Rf1+ 41. Rf2 hxg4+ 42. Kg3 Re1 43. Kxg4 Rxe4+ 44. Kxg5 d5 45. Bb5 Rd4 46. g4 Kd6 47. Kh5 Be1 48. Re2 Bc3 49. Rf2 Rd1 50. g5 Rh1+ 51. Kg6 e5 52. Kf7 Rg1 53. g6 e4 54. Re2 Kc5 55. Ba6 Ra1 56. Bc8 Ra7+ 57. Ke6 Kd4 58. Bd7 Ra6+ 59. Kf7 Ra7 60. Ke6 Kc5 61. Be8 Ra1 62. Kf7 Rg1 63. Bd7 Kd4 64. Bc6 Kc5 65. Bd7 Rg3 66. Bc8 e3 67. Ba6 Be5 68. Ke6 Kd4 69. Kf7 Kc3 70. Bb7 d4 71. Ke6 Bh8 0-1

[Event "British Rapidplay"]
[Site "Peterborough"]
[Date "2025.03.02"]
[Round "10.10"]
[White "Boswell, Jacob Connor"]
[Black "Khoury, Theo"]
[Result "1/2-1/2"]
[WhiteElo "2245"]
[BlackElo "2164"]
[PlyCount "65"]
[EventDate "2025.03.01"]
[EventType "swiss (rapid)"]
[EventRounds "11"]
[EventCountry "ENG"]
[SourceTitle "BritBase"]
[Source "John Saunders"]
[SourceDate "2025.03.03"]
[SourceVersion "1"]
[SourceVersionDate "2025.03.03"]
[SourceQuality "2"]

1. d4 d5 2. c4 e6 3. Nf3 Nf6 4. Nc3 Be7 5. Bf4 O-O 6. e3 b6 7. Bd3 dxc4 8. Bxc4 Ba6 9. Bxa6 Nxa6 10. O-O c5 11. Qa4 Qc8 12. Nb5 Rd8 13. a3 Qb7 14. Rac1 Rac8 15. dxc5 Rxc5 16. Rxc5 Bxc5 17. b4 Be7 18. Rc1 Ne4 19. h3 Bf6 20. Ne5 Bxe5 21. Bxe5 h6 22. Nd4 Rd5 23. Qe8+ Kh7 24. Bc7 Nf6 25. Qc6 Qxc6 26. Rxc6 Nxc7 27. Rxc7 Rd7 28. Rxd7 Nxd7 29. b5 Ne5 30. Nc6 Nc4 31. Nxa7 Nxa3 32. Nc8 Nxb5 33. Nxb6 1/2-1/2

[Event "British Rapidplay"]
[Site "Peterborough"]
[Date "2025.03.02"]
[Round "10.11"]
[White "Lalic, Susan Kathryn"]
[Black "Eckersley-Waites, Adam"]
[Result "0-1"]
[WhiteElo "2227"]
[BlackElo "2247"]
[PlyCount "100"]
[EventDate "2025.03.01"]
[EventType "swiss (rapid)"]
[EventRounds "11"]
[EventCountry "ENG"]
[SourceTitle "BritBase"]
[Source "John Saunders"]
[SourceDate "2025.03.03"]
[SourceVersion "1"]
[SourceVersionDate "2025.03.03"]
[SourceQuality "2"]

1. e4 c5 2. Nf3 d6 3. Bb5+ Bd7 4. Bxd7+ Nxd7 5. O-O Ngf6 6. Qe2 e6 7. c3 Be7 8. d4 O-O 9. Rd1 Rc8 10. e5 Ne8 11. dxc5 Nxc5 12. exd6 Bxd6 13. Bf4 Qc7 14. Bxd6 Nxd6 15. Na3 a6 16. Nc4 Nxc4 17. Qxc4 b5 18. Qh4 Na4 19. Rd2 Rcd8 20. Rad1 Rxd2 21. Rxd2 Nb6 22. Ng5 h6 23. Ne4 Nc4 24. Rd3 f5 25. Qg3 e5 26. Nd2 Nxb2 27. Rd5 Rd8 28. Qf3 Rf8 29. h4 e4 30. Qe3 Nd3 31. Qd4 Nf4 32. Rd7 Ne2+ 33. Kf1 Nxd4 34. Rxc7 Ne6 35. Rc6 Kf7 36. Rxa6 Rc8 37. Nb1 b4 38. c4 Rxc4 39. Nd2 Rc1+ 40. Ke2 Nf4+ 41. Ke3 Nxg2+ 42. Ke2 Nf4+ 43. Ke3 Ng2+ 44. Ke2 Nxh4 45. Rb6 Rc2 46. Rxb4 Nf3 47. Rb7+ Ke6 48. Rxg7 Rxd2+ 49. Ke3 Rxa2 50. Rg6+ Ke5 0-1

[Event "British Rapidplay"]
[Site "Peterborough"]
[Date "2025.03.02"]
[Round "10.12"]
[White "Sarakauskas, Gediminas"]
[Black "Murawski, Jan"]
[Result "1-0"]
[WhiteElo "2323"]
[BlackElo "2079"]
[PlyCount "121"]
[EventDate "2025.03.01"]
[EventType "swiss (rapid)"]
[EventRounds "11"]
[EventCountry "ENG"]
[SourceTitle "BritBase"]
[Source "John Saunders"]
[SourceDate "2025.03.03"]
[SourceVersion "1"]
[SourceVersionDate "2025.03.03"]
[SourceQuality "2"]

1. d4 Nf6 2. g3 e6 3. Bg2 d5 4. Nf3 Be7 5. O-O O-O 6. c4 dxc4 7. Qc2 a6 8. Qxc4 b5 9. Qc2 Bb7 10. Bg5 Nbd7 11. Bxf6 Nxf6 12. Nbd2 Rc8 13. Nb3 Be4 14. Qc3 Qd5 15. Nc5 Bxc5 16. dxc5 Rfd8 17. Rfc1 Rb8 18. Qa5 Qb7 19. Ne5 Qd5 20. Nf3 Qb7 21. Rd1 Qc6 22. b4 Qb7 23. Rac1 h6 24. Qa3 Rd5 25. Ne1 Bxg2 26. Nxg2 Rbd8 27. Ne3 Rxd1+ 28. Rxd1 Rxd1+ 29. Nxd1 Ne4 30. Ne3 Ng5 31. f3 e5 32. Qd3 Qc6 33. Nf5 Qf6 34. Qd7 Kh7 35. Ne3 e4 36. f4 Qc3 37. Kf2 Ne6 38. Qxf7 Nd4 39. Nf5 e3+ 40. Kg2 Nxf5 41. Qxf5+ Kh8 42. Qe4 a5 43. bxa5 Qxa5 44. Qxe3 Qxa2 45. Qe8+ Kh7 46. Qxb5 Qd5+ 47. Kf2 Qd4+ 48. e3 Qd2+ 49. Kf3 Qd1+ 50. Ke4 Qc2+ 51. Ke5 Qc3+ 52. Ke6 Qxe3+ 53. Kd7 Qd2+ 54. Kxc7 Qxh2 55. Qd3+ Kh8 56. c6 Qa2 57. Kd6 Qf7 58. c7 Qf6+ 59. Kd7 Qf7+ 60. Kc6 Qe6+ 61. Kb7 1-0

[Event "British Rapidplay"]
[Site "Peterborough"]
[Date "2025.03.02"]
[Round "10.13"]
[White "Kothari, Jai"]
[Black "Larchikov, Maksym"]
[Result "0-1"]
[WhiteElo "2035"]
[BlackElo "2050"]
[PlyCount "140"]
[EventDate "2025.03.01"]
[EventType "swiss (rapid)"]
[EventRounds "11"]
[EventCountry "ENG"]
[SourceTitle "BritBase"]
[Source "John Saunders"]
[SourceDate "2025.03.03"]
[SourceVersion "1"]
[SourceVersionDate "2025.03.03"]
[SourceQuality "2"]

1. e4 c6 2. d4 d5 3. exd5 cxd5 4. Bd3 Nc6 5. c3 Nf6 6. Bf4 Bg4 7. Qb3 Qd7 8. Nd2 e6 9. Ngf3 Bxf3 10. Nxf3 Bd6 11. Bxd6 Qxd6 12. O-O O-O 13. Rae1 Nd7 14. Re3 f6 15. Qc2 f5 16. Rfe1 Rf6 17. Ng5 Nf8 18. g3 h6 19. Nh3 g5 20. f4 g4 21. Nf2 h5 22. Qb3 Rb8 23. Bb5 Ne7 24. Be2 h4 25. Nd3 hxg3 26. hxg3 Rh6 27. Bf1 Nd7 28. Qb4 Qxb4 29. cxb4 Kf7 30. Rc1 Nc6 31. b5 Nxd4 32. Rc7 Ke8 33. Nc5 Nxc5 34. Rxc5 Kd8 35. a4 Rc8 36. b4 b6 37. Rxc8+ Kxc8 38. Rc3+ Kd7 39. Kf2 Rh1 40. a5 Rh2+ 41. Ke3 Nc2+ 42. Kd3 Nxb4+ 43. Kd4 Kd6 44. axb6 axb6 45. Rc8 Rf2 46. Bd3 Rd2 47. Kc3 Rxd3+ 48. Kxb4 Rxg3 49. Rc6+ Kd7 50. Rxb6 Rg1 51. Rb7+ Kc8 52. Rg7 d4 53. Kc4 Rb1 54. Re7 g3 55. Rg7 d3 56. Kxd3 Rxb5 57. Ke2 Rb3 58. Re7 Rb2+ 59. Ke3 g2 60. Rg7 Kd8 61. Kf3 Ke8 62. Rxg2 Rxg2 63. Kxg2 Kd7 64. Kf3 Kd6 65. Ke3 Kc5 66. Kd3 Kd5 67. Ke3 Kc4 68. Ke2 Kd4 69. Kf3 Kd3 70. Kg3 Ke3 0-1

[Event "British Rapidplay"]
[Site "Peterborough"]
[Date "2025.03.02"]
[Round "10.14"]
[White "Cancedda-Dupuis, Livio"]
[Black "Bin-Suhayl, Ieysaa"]
[Result "1/2-1/2"]
[WhiteElo "2053"]
[BlackElo "2219"]
[PlyCount "119"]
[EventDate "2025.03.01"]
[EventType "swiss (rapid)"]
[EventRounds "11"]
[EventCountry "ENG"]
[SourceTitle "BritBase"]
[Source "John Saunders"]
[SourceDate "2025.03.03"]
[SourceVersion "1"]
[SourceVersionDate "2025.03.03"]
[SourceQuality "2"]

1. Nf3 Nf6 2. d4 d5 3. e3 c5 4. dxc5 e6 5. c4 Bxc5 6. Nc3 Nc6 7. cxd5 exd5 8. Bb5 O-O 9. O-O a6 10. Bxc6 bxc6 11. h3 Qe7 12. Qc2 Ba7 13. b3 g6 14. Bb2 Bf5 15. Qd2 Rfd8 16. Rac1 Rac8 17. Qe2 Bb8 18. Na4 Ne4 19. Qxa6 Bd6 20. Rxc6 Ra8 21. Qe2 Qd7 22. Nd4 Bxh3 23. Nb6 Bg4 24. f3 Qe7 25. fxg4 Ng3 26. Qf3 Nxf1 27. Nxa8 Nh2 28. Qe2 Rxa8 29. a4 Be5 30. Ra6 Rxa6 31. Qxa6 Qg5 32. Qe2 Nxg4 33. Nf3 Qf5 34. Bxe5 Nxe5 35. Nxe5 Qxe5 36. Qd2 g5 37. Qd4 Qf5 38. b4 g4 39. Qf4 Qg6 40. Kh2 h5 41. Kg3 Qb1 42. Qg5+ Kf8 43. Qd8+ Kg7 44. Qxd5 Qe1+ 45. Kf4 f6 46. Qd7+ Kg6 47. Qf5+ Kg7 48. Qxh5 Qxb4+ 49. Kg3 Qe1+ 50. Kh2 g3+ 51. Kh3 Qh1+ 52. Kg4 Qd1+ 53. Kh4 Qh1+ 54. Kg4 Qxg2 55. Qh3 f5+ 56. Kh4 Qe4+ 57. Kxg3 Qxe3+ 58. Kg2 Qe4+ 59. Kh2 Qxa4 60. Qxf5 1/2-1/2

[Event "British Rapidplay"]
[Site "Peterborough"]
[Date "2025.03.02"]
[Round "10.15"]
[White "Tanmay, Chopra"]
[Black "Fava, Lorenzo"]
[Result "1-0"]
[WhiteElo "2357"]
[BlackElo "2306"]
[PlyCount "55"]
[EventDate "2025.03.01"]
[EventType "swiss (rapid)"]
[EventRounds "11"]
[EventCountry "ENG"]
[SourceTitle "BritBase"]
[Source "John Saunders"]
[SourceDate "2025.03.03"]
[SourceVersion "1"]
[SourceVersionDate "2025.03.03"]
[SourceQuality "2"]

1. d4 g6 2. e4 Bg7 3. Nf3 d6 4. Bc4 a6 5. O-O e6 6. Qe2 Ne7 7. c3 b5 8. Bd3 Bb7 9. a4 bxa4 10. Rxa4 O-O 11. h4 c5 12. h5 cxd4 13. h6 Bh8 14. cxd4 Nbc6 15. Nc3 Qd7 16. Be3 a5 17. Bb5 d5 18. e5 Qc7 19. Raa1 Nf5 20. Rac1 Qb6 21. Na4 Ncxd4 22. Nxb6 Nxe2+ 23. Bxe2 Rad8 24. Bc5 d4 25. Bxf8 Kxf8 26. Rc7 Be4 27. Ng5 Bxe5 28. Nd7+ 1-0

[Event "British Rapidplay"]
[Site "Peterborough"]
[Date "2025.03.02"]
[Round "10.16"]
[White "Shearsby, Jude"]
[Black "Vijayakumar, Rishi"]
[Result "0-1"]
[WhiteElo "2152"]
[BlackElo "2311"]
[PlyCount "50"]
[EventDate "2025.03.01"]
[EventType "swiss (rapid)"]
[EventRounds "11"]
[EventCountry "ENG"]
[SourceTitle "BritBase"]
[Source "John Saunders"]
[SourceDate "2025.03.03"]
[SourceVersion "1"]
[SourceVersionDate "2025.03.03"]
[SourceQuality "2"]

1. d4 Nf6 2. Nc3 d5 3. Bf4 e6 4. Nb5 Bb4+ 5. c3 Ba5 6. e3 O-O 7. Nf3 a6 8. Na3 Qe7 9. Nc2 c5 10. Bd3 c4 11. Be2 Bc7 12. O-O Nc6 13. b4 Ne4 14. Qe1 f6 15. a4 e5 16. Bg3 Bf5 17. Na3 Bd6 18. dxe5 fxe5 19. Qc1 Rad8 20. Bh4 g5 21. Nxg5 Nxg5 22. e4 Nh3+ 23. Kh1 Qxh4 24. exf5 Nxf2+ 25. Kg1 e4 0-1

[Event "British Rapidplay"]
[Site "Peterborough"]
[Date "2025.03.02"]
[Round "10.17"]
[White "Banerjee, Supratit"]
[Black "Nicholas, Koichi B"]
[Result "0-1"]
[WhiteElo "2250"]
[BlackElo "2066"]
[PlyCount "98"]
[EventDate "2025.03.01"]
[EventType "swiss (rapid)"]
[EventRounds "11"]
[EventCountry "ENG"]
[SourceTitle "BritBase"]
[Source "John Saunders"]
[SourceDate "2025.03.03"]
[SourceVersion "1"]
[SourceVersionDate "2025.03.03"]
[SourceQuality "2"]

1. e4 e5 2. Nf3 Nc6 3. d4 exd4 4. Nxd4 Nf6 5. Nc3 Nxe4 6. Nxe4 Qe7 7. Qd3 d5 8. Nxc6 bxc6 9. Be2 Qxe4 10. Qxe4+ dxe4 11. Be3 Bd6 12. O-O a5 13. f3 Bf5 14. g4 Bg6 15. Rad1 O-O 16. f4 f5 17. h3 a4 18. b3 axb3 19. axb3 Ra2 20. Bc4+ Bf7 21. Bxf7+ Kxf7 22. Rf2 g6 23. Kg2 Ke6 24. g5 c5 25. h4 Rfa8 26. Re2 R8a6 27. Rh1 c4 28. b4 Bxb4 29. h5 Ra1 30. Rh3 Re1 31. Rxe1 Bxe1 32. hxg6 hxg6 33. Rh6 Kd5 34. Kf1 Bc3 35. Rh7 c5 36. Ke2 Bd4 37. Rd7+ Rd6 38. Re7 c3 39. Ra7 Rb6 40. Rd7+ Kc4 41. Bxd4 cxd4 42. Rc7+ Kd5 43. Rd7+ Rd6 44. Rc7 Rc6 45. Rd7+ Kc4 46. Rd8 d3+ 47. Kd1 Ra6 48. Rc8+ Kd4 49. Rd8+ Ke3 0-1

[Event "British Rapidplay"]
[Site "Peterborough"]
[Date "2025.03.02"]
[Round "10.18"]
[White "Clarke, James"]
[Black "Verbytski, Oleg"]
[Result "0-1"]
[WhiteElo "1941"]
[BlackElo "2111"]
[PlyCount "74"]
[EventDate "2025.03.01"]
[EventType "swiss (rapid)"]
[EventRounds "11"]
[EventCountry "ENG"]
[SourceTitle "BritBase"]
[Source "John Saunders"]
[SourceDate "2025.03.03"]
[SourceVersion "1"]
[SourceVersionDate "2025.03.03"]
[SourceQuality "2"]

1. e4 c5 2. Nf3 d6 3. d4 cxd4 4. Nxd4 Nf6 5. Nc3 a6 6. Bg5 e6 7. Qf3 Nbd7 8. O-O-O Qc7 9. Qg3 b5 10. Bxb5 axb5 11. Ndxb5 Qb8 12. Rxd6 Rxa2 13. Kb1 Ra8 14. Rxd7 Qxg3 15. hxg3 Kxd7 16. Rd1+ Kc6 17. Rd4 Ba6 18. Rc4+ Kb6 19. Be3+ Kb7 20. Rc7+ Kb8 21. Rxf7 Bxb5 22. Nxb5 Nxe4 23. f3 Nd6 24. Bf4 Ra6 25. Rxf8+ Rxf8 26. Bxd6+ Rxd6 27. Nxd6 Rd8 28. Ne4 Rd1+ 29. Ka2 Rg1 30. b4 Rxg2 31. Kb3 h5 32. c4 g5 33. c5 h4 34. Nxg5 Rxg3 35. Nxe6 h3 36. c6 h2 37. b5 h1=Q 0-1